000 00637nam a2200217Ia 4500
005 20231011091029.0
008 131103s9999 xx 000 0 und d
020 _a716521679
040 _aLoreto College
041 _aEnglish
082 _a726.8
_bHER
100 _aHerity,Michael
245 _aIrish Passage Graves
_b neolithic tomb-builders in Ireland and Britain 2500 B.C.
_cMichael Herity
260 _aDublin
_bIrish University Press
_cc 1974
300 _axi,308 p.
_b illus.
504 _aIncludes bibliographical references and index
650 _aTombs
651 _aIreland - Tombs
850 _aLCLIB
942 _cBK
999 _c17523
_d68002